| 000 | 00406nam a22001457a 4500 | ||
|---|---|---|---|
| 005 | 20250725094749.0 | ||
| 008 | 250725b |||||||| |||| 00| 0 eng d | ||
| 020 |
_a9781573314855 _qpbk |
||
| 041 | _aeng | ||
| 082 |
_a500 _bDAV |
||
| 245 |
_aRelaxin And Related Peptides: Fourth International Conference _cO. David Sherwood |
||
| 260 |
_aUsa _bWiley-blackwell _c2006 |
||
| 300 | _a544p. | ||
| 942 | _cENGLISH | ||
| 999 |
_c577360 _d577360 |
||